000 00518nam a2200169Ia 4500
003 LK-CoDNM
005 20230804142934.0
008 t xxu||||| |||| 00| 0 sin d
040 _aLK-CoDNM
_dLK-CoDNM
_eLK-CoDNM
041 _asin
080 _aA
_bN6
245 _aවන්දනාකාරයින්ගේ කවිබණ සහ පැතුම් කවි
246 _aVandanakarainge Kawibana Saha Pathum Kawi
300 _aPalm leaf, Foll 55,19 1/2in.x2 1/4in.
650 _aSinhalese verse
942 _cPL
999 _c77891
_d77891